000 00874nam a2200217 a 4500
001 BRCA_8864
005 20190320210435.0
008 140617s1782----it-#######---#000-0#lat-#
041 _alat
044 _ait
084 _aBE245
_b.T54 1782
245 1 0 _aTheologia scholasticas-dogmatica Ex Ss. Patribus, maxime Ex D. Agustino, et angélico doctore deprompta, et acommodata ad utilitatem juventutis, in octo tomo distributa.
260 _aRomae
_bEx Typographia Hermatheniana
_c1782
300 _aXVI, 343 p. (t.7) 2a imp.
_c18.4 x 11.5 cm.
500 _aSuperiorum Facultate
500 _aEn portada: Tomo VII. De deo impiorum, et doemonum punitore, atque finaliter judicaturo. Segunda impressio
500 _aEstado físico: presenta encuadernación en pergamino deteriorado
650 1 4 _aTeología
_yOras anteriores a 1800
_922077
902 _aCFM
942 _2lcc
_cB
999 _c8515
_d8515